[Event "Villa Ballester op 72nd"]
[Site "Villa Ballester"]
[Date "2023.01.18"]
[Round "1"]
[White "Nogues, Alejandro"]
[Black "Silva, Lucas"]
[Result "0-1"]
[WhiteElo "1756"]
[BlackElo "2241"]
[PlyCount "66"]
[EventDate "2023.01.18"]
[EventType "swiss"]
[EventRounds "9"]
[EventCountry "ARG"]
[SourceTitle "EXT 2024"]
[Source "ChessBase"]
[SourceDate "2023.10.10"]
[SourceVersion "1"]
[SourceVersionDate "2023.10.10"]
[SourceQuality "1"]

1. e4 c5 2. c3 Nf6 3. e5 Nd5 4. d4 cxd4 5. Qxd4 e6 6. Bc4 Nc6 7. Qe4 Nb6 8. Bd3 d6 9. exd6 Qxd6 10. Nf3 Be7 11. 0-0 Nd5 12. Na3 Nf6 13. Qe2 0-0 14. Rd1 Qc5 15. Nc4 Qh5 16. Bf4 Bd7 17. b4 Nd5 18. Bd2 a6 19. a4 Bf6 20. b5 axb5 21. axb5 Rxa1 22. Rxa1 Ncb4 23. Nce5 Nxd3 24. Nxd7 N5f4 25. Qf1 Rd8 26. Nxf6+ gxf6 27. Be3 Kh8 28. Ne1 Rg8 29. Nxd3 Rxg2+ 30. Qxg2 Nxg2 31. Kxg2 Qg6+ 32. Kh1 Qe4+ 33. Kg1 Qxd3 0-1

[Event "ARG-chT"]
[Site "Villa Martelli"]
[Date "2021.11.22"]
[Round "3.1"]
[White "Krysa, Leandro Sergio"]
[Black "Nogues, Alejandro"]
[Result "1/2-1/2"]
[WhiteElo "2528"]
[BlackElo "1731"]
[PlyCount "74"]
[EventDate "2021.11.20"]
[EventType "team-tourn"]
[EventRounds "7"]
[EventCountry "ARG"]
[SourceTitle "EXT 2023"]
[Source "ChessBase"]
[SourceDate "2022.10.05"]
[SourceVersion "1"]
[SourceVersionDate "2022.10.05"]
[SourceQuality "1"]
[WhiteTeam "Obras AySa"]
[BlackTeam "Ferro Carril Oeste"]
[WhiteTeamCountry "ARG"]
[BlackTeamCountry "ARG"]

1. c4 e6 2. Nc3 Nf6 3. e4 d5 4. cxd5 exd5 5. e5 d4 6. exf6 dxc3 7. fxg7 cxd2+ 8. Bxd2 Bxg7 9. Qc2 Nc6 10. Nf3 Qe7+ 11. Be2 Bg4 12. 0-0 0-0-0 13. Rfe1 Qd7 14. Bg5 Rde8 15. Be3 Bxf3 16. Bxf3 Nd4 17. Bxd4 Bxd4 18. Re4 Kb8 19. Rd1 c5 20. b4 Rxe4 21. Qxe4 Re8 22. Qxh7 Qa4 23. Qb1 Qxb4 24. Qxb4 cxb4 25. h4 Bc5 26. h5 a5 27. h6 a4 28. Rd7 b6 29. Bd5 Rh8 30. Rb7+ Kc8 31. Ra7 Rxh6 32. Rxa4 Rf6 33. Ra8+ Kd7 34. Ra7+ Kd6 35. Rxf7 Bxf2+ 36. Kf1 Bd4+ 37. Rxf6+ Bxf6 1/2-1/2

[Event "ARG-chT"]
[Site "Villa Martelli"]
[Date "2018.08.25"]
[Round "8.3"]
[White "Goldwasser, Jonathan"]
[Black "Nogues, Alejandro"]
[Result "0-1"]
[WhiteElo "1453"]
[BlackElo "1753"]
[PlyCount "88"]
[EventDate "2018.07.07"]
[EventType "team-swiss"]
[EventRounds "9"]
[EventCountry "ARG"]
[SourceTitle "CBM 187 Extra"]
[Source "ChessBase"]
[SourceDate "2018.11.04"]
[SourceVersion "1"]
[SourceVersionDate "2018.11.04"]
[SourceQuality "1"]
[WhiteTeam "Torre Blanca"]
[BlackTeam "Tren Verde"]
[WhiteTeamCountry "ARG"]
[BlackTeamCountry "ARG"]

1. d4 Nf6 2. Nf3 e6 3. Bf4 c5 4. c3 d5 5. e3 Nc6 6. Bd3 Bd6 7. Bg3 0-0 8. Nbd2 Re8 9. Ne5 Bxe5 10. dxe5 Nd7 11. f4 f5 12. Nf3 Qb6 13. Qb3 c4 14. Qxb6 axb6 15. Be2 b5 16. Nd4 Nc5 17. Nxb5 Ra5 18. Na3 Bd7 19. 0-0 Rea8 20. Bf2 Na4 21. Rfb1 Nxc3 22. bxc3 Rxa3 23. Rxb7 Be8 24. Be1 Rxa2 25. Rxa2 Rxa2 26. Kf1 Ra3 27. g4 g6 28. g5 Rb3 29. Rc7 Rb2 30. Rc8 Kf7 31. Rc7+ Ne7 32. Bf2 Rb1+ 33. Kg2 Bc6 34. e4 Rb7 35. Rxb7 Bxb7 36. exd5 Bxd5+ 37. Bf3 Ke8 38. Bc5 Bxf3+ 39. Kxf3 Nd5 40. Bd4 Kd7 41. h4 Kc6 42. Kg3 Kb5 43. h5 Ka4 44. hxg6 hxg6 0-1

[Event "ARG-ch sf 93rd"]
[Site "Buenos Aires"]
[Date "2018.05.22"]
[Round "4"]
[White "Nogues, Alejandro"]
[Black "Campeon, Matias"]
[Result "0-1"]
[WhiteElo "1782"]
[BlackElo "2037"]
[PlyCount "88"]
[EventDate "2018.05.19"]
[EventType "swiss"]
[EventRounds "9"]
[EventCountry "ARG"]
[SourceTitle "CBM 184 Extra"]
[Source "ChessBase"]
[SourceDate "2018.06.28"]
[SourceVersion "1"]
[SourceVersionDate "2018.06.28"]
[SourceQuality "1"]

1. d4 f5 2. g3 Nf6 3. Bg2 g6 4. c4 Bg7 5. Nc3 0-0 6. e4 fxe4 7. Nxe4 Nc6 8. Ne2 d6 9. 0-0 Bg4 10. Be3 Rb8 11. Qd2 Nxe4 12. Bxe4 Bxe2 13. Qxe2 Nxd4 14. Qd1 c5 15. Rb1 e6 16. b4 b6 17. bxc5 dxc5 18. Qg4 Qd6 19. Rbd1 Rbe8 20. h4 Qe5 21. Bg2 Qf5 22. Qxf5 exf5 23. Rfe1 Nc2 24. Bd5+ Kh8 25. Re2 Nxe3 26. fxe3 Re7 27. Kf2 Rd8 28. h5 Bh6 29. hxg6 hxg6 30. Rh1 Kg7 31. Kf3 b5 32. Reh2 Rxe3+ 33. Kf2 Bg5 34. Rh7+ Kf6 35. Rxa7 Rd6 36. Rhh7 bxc4 37. Rhf7+ Ke5 38. Rfe7+ Kd4 39. Rxe3 Bxe3+ 40. Kf3 Rxd5 41. Re7 Bd2 42. a4 c3 43. Ke2 Kc4 44. Rb7 c2 0-1

[Event "ARG-chT"]
[Site "Villa Martelli"]
[Date "2017.09.09"]
[Round "6.1"]
[White "Perelman, Hernan"]
[Black "Nogues, Alejandro"]
[Result "1/2-1/2"]
[WhiteElo "2316"]
[BlackElo "1896"]
[PlyCount "140"]
[EventDate "2017.08.05"]
[EventType "team-swiss"]
[EventRounds "9"]
[EventCountry "ARG"]
[SourceTitle "CBM 180 Extra"]
[Source "ChessBase"]
[SourceDate "2017.10.06"]
[SourceVersion "1"]
[SourceVersionDate "2017.10.06"]
[SourceQuality "1"]
[WhiteTeam "Club Argentino"]
[BlackTeam "Tren Verde"]
[WhiteTeamCountry "ARG"]
[BlackTeamCountry "ARG"]

1. d4 Nf6 2. Nf3 d5 3. c4 e6 4. g3 c5 5. cxd5 exd5 6. Bg2 Nc6 7. 0-0 Be7 8. Nc3 0-0 9. Bg5 Be6 10. dxc5 Bxc5 11. Bxf6 Qxf6 12. Nxd5 Qxb2 13. Nc7 Rad8 14. Qc1 Qxc1 15. Raxc1 b6 16. Nxe6 fxe6 17. e3 h6 18. Rc4 Rxf3 19. Rxc5 bxc5 20. Bxf3 Ne5 21. Be4 Rd2 22. Rc1 c4 23. h3 Nd3 24. Rxc4 Nxf2 25. Bg6 Nxh3+ 26. Kf1 Kf8 27. Rc7 Rf2+ 28. Ke1 Rf6 29. Bh5 g6 30. Bg4 Nf2 31. Bxe6 Rxe6 32. Kxf2 Ra6 33. Rc2 Ra3 34. Kf3 Ke7 35. Kf4 Kd6 36. g4 h5 37. gxh5 gxh5 38. Rh2 Ra5 39. Rg2 Ke6 40. e4 Kf6 41. Rc2 Ra6 42. Rd2 Ke6 43. Rg2 Ra5 44. Rg6+ Kf7 45. Rg2 Ke6 46. Rd2 h4 47. Rh2 h3 48. Rxh3 Rxa2 49. Rh6+ Ke7 50. Kf5 Ra5+ 51. e5 Ke8 52. Rh7 Ra6 53. Rb7 Kd8 54. Rb8+ Ke7 55. Rh8 Kd7 56. Rg8 Ke7 57. Rb8 Kd7 58. Rb5 Ke7 59. Rb7+ Ke8 60. Rc7 Kd8 61. Rf7 Ke8 62. Rh7 Kd8 63. Rh4 Ke7 64. Rb4 Ke8 65. Rb7 Kd8 66. Rb8+ Ke7 67. Rb7+ Ke8 68. e6 Ra1 69. Rb8+ Ke7 70. Rb7+ Ke8 1/2-1/2

[Event "ARG-chT"]
[Site "Villa Martelli"]
[Date "2016.11.19"]
[Round "9.8"]
[White "Cavadini, Ignacio"]
[Black "Nogues, Alejandro"]
[Result "1-0"]
[WhiteElo "2020"]
[BlackElo "1926"]
[PlyCount "77"]
[EventDate "2016.09.24"]
[EventType "team-swiss"]
[EventRounds "9"]
[EventCountry "ARG"]
[SourceTitle "EXT 2018"]
[Source "ChessBase"]
[SourceDate "2017.10.13"]
[SourceVersion "1"]
[SourceVersionDate "2017.10.13"]
[SourceQuality "1"]
[WhiteTeam "San Isidro"]
[BlackTeam "Tren Verde"]
[WhiteTeamCountry "ARG"]
[BlackTeamCountry "ARG"]

1. e4 Nc6 2. d4 e5 3. dxe5 Nxe5 4. Nf3 Qf6 5. Be2 Bb4+ 6. c3 Bc5 7. 0-0 Nxf3+ 8. Bxf3 d6 9. Nd2 Ne7 10. Nb3 Bb6 11. a4 a6 12. a5 Ba7 13. Nd4 0-0 14. Be3 Ng6 15. Qd2 Ne5 16. Be2 Re8 17. Kh1 Bd7 18. Bg5 Qg6 19. f4 h6 20. fxe5 hxg5 21. Bc4 Be6 22. Nxe6 fxe6 23. exd6 cxd6 24. Rf5 d5 25. Rxg5 Qxe4 26. Bd3 Qh4 27. g3 Qh6 28. h4 Rf8 29. Qe2 Rf6 30. Qg4 Raf8 31. Re1 R8f7 32. Bg6 Rf1+ 33. Rxf1 Rxf1+ 34. Kg2 Rg1+ 35. Kh2 Re1 36. Rxd5 Re2+ 37. Qxe2 Qxg6 38. Rd6 Kf7 39. Rd7+ 1-0

[Event "ARG-chT"]
[Site "Villa Martelli"]
[Date "2015.10.10"]
[Round "7.5"]
[White "Nogues, Alejandro"]
[Black "Tempone, Marcelo"]
[Result "0-1"]
[WhiteElo "2051"]
[BlackElo "2361"]
[PlyCount "94"]
[EventDate "2015.08.29"]
[EventType "team-swiss"]
[EventRounds "9"]
[EventCountry "ARG"]
[SourceTitle "EXT 2017"]
[Source "ChessBase"]
[SourceDate "2016.10.25"]
[SourceVersion "1"]
[SourceVersionDate "2016.10.25"]
[SourceQuality "1"]
[WhiteTeam "Tren Verde"]
[BlackTeam "Vte Lopez University"]
[WhiteTeamCountry "ARG"]
[BlackTeamCountry "ARG"]

1. d4 Nf6 2. c4 e6 3. Nf3 b6 4. g3 Ba6 5. Qa4 Be7 6. Bg2 c6 7. 0-0 0-0 8. Nc3 d5 9. cxd5 cxd5 10. Ne5 Nfd7 11. Rd1 b5 12. Nxb5 Nxe5 13. dxe5 Qd7 14. Nc3 Qxa4 15. Nxa4 Bxe2 16. Re1 Bb5 17. Nc3 Bc6 18. a3 a5 19. Ne2 Na6 20. Nd4 Bd7 21. Be3 Rfb8 22. Re2 Rc8 23. Rc1 Rxc1+ 24. Bxc1 Nc5 25. Bd2 Na4 26. b3 Nb6 27. a4 Nc8 28. Be3 Kf8 29. Rc2 Ke8 30. Bf1 Bd8 31. Nb5 Rb8 32. Bc5 Bb6 33. b4 Bxc5 34. bxc5 Ne7 35. Nd6+ Kd8 36. Bb5 Nc6 37. Nxf7+ Ke7 38. Nd6 Nxe5 39. f4 Nc6 40. Bxc6 Bxc6 41. Nb5 Kd7 42. Kf2 Bxb5 43. Rb2 Kc6 44. axb5+ Kxc5 45. Rc2+ Kb4 46. Rc6 Rxb5 47. Rxe6 a4 0-1

[Event "ARG-chT"]
[Site "Villa Martelli"]
[Date "2015.09.12"]
[Round "3.8"]
[White "Doval, Oscar"]
[Black "Nogues, Alejandro"]
[Result "0-1"]
[WhiteElo "1758"]
[BlackElo "2051"]
[PlyCount "62"]
[EventDate "2015.08.29"]
[EventType "team-swiss"]
[EventRounds "9"]
[EventCountry "ARG"]
[SourceTitle "EXT 2017"]
[Source "ChessBase"]
[SourceDate "2016.10.25"]
[SourceVersion "1"]
[SourceVersionDate "2016.10.25"]
[SourceQuality "1"]
[WhiteTeam "La Torre del Castillo"]
[BlackTeam "Tren Verde"]
[WhiteTeamCountry "ARG"]
[BlackTeamCountry "ARG"]

1. d4 Nf6 2. c4 e6 3. Nc3 Bb4 4. Qc2 0-0 5. e3 d5 6. Nf3 c5 7. Bd3 dxc4 8. Bxc4 Nbd7 9. 0-0 a6 10. a3 Bxc3 11. bxc3 b5 12. Be2 Bb7 13. a4 Qb6 14. Rb1 Bc6 15. Ba3 Rfe8 16. dxc5 Nxc5 17. Nd2 Qa7 18. axb5 axb5 19. Ra1 Nce4 20. Rfb1 Qd7 21. Rd1 Qc7 22. f3 Nxd2 23. Qxd2 Red8 24. Qb2 Rxd1+ 25. Rxd1 Qa7 26. Bd6 Nd5 27. Rd4 Nxe3 28. Bd3 Nd5 29. Bxb5 Bxb5 30. Qxb5 Nxc3 31. Qd3 Ne2+ 0-1

[Event "ARG-chT"]
[Site "Villa Martelli"]
[Date "2015.09.05"]
[Round "2.8"]
[White "Mirada, Luciano"]
[Black "Nogues, Alejandro"]
[Result "1/2-1/2"]
[WhiteElo "1810"]
[BlackElo "2051"]
[PlyCount "69"]
[EventDate "2015.08.29"]
[EventType "team-swiss"]
[EventRounds "9"]
[EventCountry "ARG"]
[SourceTitle "EXT 2017"]
[Source "ChessBase"]
[SourceDate "2016.10.25"]
[SourceVersion "1"]
[SourceVersionDate "2016.10.25"]
[SourceQuality "1"]
[WhiteTeam "Mar del Plata"]
[BlackTeam "Tren Verde"]
[WhiteTeamCountry "ARG"]
[BlackTeamCountry "ARG"]

1. d4 d5 2. Nf3 Nc6 3. Bf4 Bg4 4. e3 e6 5. h3 Bh5 6. c3 Bd6 7. Nbd2 Nge7 8. Qc2 Bxf4 9. exf4 Qd6 10. Ne5 f6 11. Nxc6 Bg6 12. Bd3 Bxd3 13. Qxd3 Nxc6 14. Qg3 0-0-0 15. Nf3 g6 16. 0-0-0 Ne7 17. Rhe1 Rhe8 18. Re2 Nf5 19. Qh2 Qa6 20. Rde1 Qxa2 21. Rxe6 Rxe6 22. Rxe6 Nd6 23. Nd2 f5 24. h4 Qa1+ 25. Kc2 Qa4+ 26. Kc1 Re8 27. Re5 Ne4 28. Nxe4 dxe4 29. h5 Rxe5 30. fxe5 g5 31. e6 Qb5 32. h6 Qf1+ 33. Kc2 Qd3+ 34. Kc1 Qf1+ 35. Kc2 1/2-1/2

[Event "ARG-chT"]
[Site "Villa Martelli"]
[Date "2015.08.29"]
[Round "1.4"]
[White "Bitelmajer, Martin"]
[Black "Nogues, Alejandro"]
[Result "1-0"]
[WhiteElo "2354"]
[BlackElo "2051"]
[PlyCount "53"]
[EventDate "2015.08.29"]
[EventType "team-swiss"]
[EventRounds "9"]
[EventCountry "ARG"]
[SourceTitle "EXT 2017"]
[Source "ChessBase"]
[SourceDate "2016.10.25"]
[SourceVersion "1"]
[SourceVersionDate "2016.10.25"]
[SourceQuality "1"]
[WhiteTeam "Ferro Carril Oeste"]
[BlackTeam "Tren Verde"]
[WhiteTeamCountry "ARG"]
[BlackTeamCountry "ARG"]

1. d4 Nc6 2. c4 e5 3. d5 Bb4+ 4. Bd2 Bxd2+ 5. Qxd2 Nd4 6. e3 Nf5 7. Nc3 d6 8. Nf3 Nf6 9. Bd3 0-0 10. Qc2 Ne7 11. 0-0 g6 12. b4 Nh5 13. c5 h6 14. a4 a5 15. bxa5 Rxa5 16. cxd6 cxd6 17. Nd2 Bf5 18. e4 Bd7 19. Nc4 Rc5 20. Rfb1 Qc7 21. Rb4 Ra8 22. Rab1 Ra7 23. Qb3 Nf4 24. Bf1 Nc8 25. g3 Nh3+ 26. Bxh3 Bxh3 27. Nb5 1-0

[Event "Vicente Lopez Rubinstein op"]
[Site "Vicente Lopez"]
[Date "2009.08.13"]
[Round "9"]
[White "Radoszta, Armando Esteban"]
[Black "Nogues, Alejandro"]
[Result "1-0"]
[WhiteElo "2090"]
[BlackElo "2192"]
[PlyCount "51"]
[EventDate "2009.08.04"]
[EventType "swiss"]
[EventRounds "9"]
[EventCountry "ARG"]
[SourceTitle "EXT 2019"]
[Source "ChessBase"]
[SourceDate "2018.10.10"]
[SourceVersion "1"]
[SourceVersionDate "2018.10.10"]
[SourceQuality "1"]

1. e4 Nc6 2. d4 e5 3. d5 Nce7 4. Nf3 Ng6 5. c4 Nf6 6. Qc2 Bc5 7. Nc3 0-0 8. h3 d6 9. Bd2 Nh5 10. Na4 Nh4 11. Nxc5 Nxf3+ 12. gxf3 dxc5 13. 0-0-0 f5 14. f4 Qd6 15. Qc3 fxe4 16. fxe5 Qa6 17. Kb1 Bf5 18. Be3 Bg6 19. Ka1 b6 20. Be2 Nf4 21. Bg4 h5 22. Bd7 Rad8 23. e6 Rf5 24. Bxf4 Rxf4 25. Rhg1 Kh7 26. Rxg6 1-0

[Event "Villa Martelli Rubinstein op"]
[Site "Villa Martelli"]
[Date "2009.08.10"]
[Round "6"]
[White "Nogues, Alejandro"]
[Black "Pradines, Emanuel"]
[Result "1-0"]
[WhiteElo "2192"]
[BlackElo "1970"]
[PlyCount "127"]
[EventDate "2009.08.04"]
[EventType "swiss"]
[EventRounds "7"]
[EventCountry "ARG"]
[SourceTitle "CBM 131 Extra"]
[Source "ChessBase"]
[SourceDate "2009.09.03"]
[SourceVersion "2"]
[SourceVersionDate "2009.09.16"]
[SourceQuality "1"]

1. d4 Nf6 2. c4 g6 3. Nf3 Bg7 4. Bf4 d6 5. Nc3 0-0 6. h3 Nbd7 7. e3 c6 8. Be2 Qe8 9. 0-0 e5 10. Bh2 Qe7 11. b4 Ne8 12. b5 f5 13. bxc6 bxc6 14. Qa4 Nb6 15. Qa3 e4 16. Nd2 Be6 17. Rab1 Rf7 18. Rxb6 axb6 19. Qxa8 Bd7 20. Qb8 g5 21. Qxb6 Nf6 22. d5 cxd5 23. Bxd6 Qe8 24. Nxd5 Nxd5 25. cxd5 Rf6 26. Qb8 Qxb8 27. Bxb8 Rf8 28. Rb1 Rc8 29. Bd6 Rc2 30. Bb4 Rxa2 31. Bc4 Rc2 32. Bb3 Rc8 33. Nc4 Rb8 34. Be7 h6 35. Na5 Bc3 36. Nc6 Rb6 37. Bc5 Rb7 38. Ba2 Rxb1+ 39. Bxb1 Kf7 40. Ba2 Bf6 41. Bc4 h5 42. Bd4 g4 43. Ne5+ Bxe5 44. Bxe5 Ke7 45. h4 Kf8 46. Kh2 Ke8 47. Kg3 Kf7 48. Kf4 Kg6 49. Ba6 Kf7 50. Bb7 Ke7 51. Bc6 Bc8 52. d6+ Ke6 53. d7 Bxd7 54. Bxd7+ Kxd7 55. Kxf5 Ke7 56. Kxe4 Ke6 57. Kf4 Ke7 58. Kf5 Kf7 59. Kg5 Kg8 60. e4 Kf7 61. Bf6 Kg8 62. e5 Kf8 63. e6 Ke8 64. Kg6 1-0

[Event "ARG-chT"]
[Site "Villa Martelli"]
[Date "2008.08.30"]
[Round "4"]
[White "Nogues, Alejandro"]
[Black "Krysa, Leandro Sergio"]
[Result "0-1"]
[WhiteElo "2192"]
[BlackElo "2066"]
[PlyCount "52"]
[EventDate "2008.08.09"]
[EventType "team-tourn"]
[EventRounds "9"]
[EventCountry "ARG"]
[SourceTitle "EXT 2009"]
[Source "ChessBase"]
[SourceDate "2008.11.26"]
[SourceVersion "1"]
[SourceVersionDate "2008.11.26"]
[SourceQuality "1"]

1. d4 Nf6 2. c4 c5 3. d5 b5 4. a4 bxc4 5. Nc3 g6 6. e4 d6 7. Bxc4 Ba6 8. Bb5+ Nfd7 9. Nf3 Bg7 10. Nd2 0-0 11. Nc4 Bb7 12. 0-0 a6 13. Bxd7 Nxd7 14. a5 f5 15. exf5 Rxf5 16. Ne3 Rh5 17. g4 Rh3 18. Ne4 e6 19. Nxd6 Be5 20. Nxb7 Qh4 21. f4 Rxh2 22. Qf3 Rf8 23. Ra4 Bd4 24. Rf2 Ne5 25. fxe5 Rxf3 26. Rxf3 Rh1+ 0-1

[Event "ARG-chT"]
[Site "Villa Martelli"]
[Date "2008.08.16"]
[Round "2"]
[White "Perez Ponsa, Federico"]
[Black "Nogues, Alejandro"]
[Result "1-0"]
[WhiteElo "2326"]
[BlackElo "2192"]
[PlyCount "69"]
[EventDate "2008.08.09"]
[EventType "team-tourn"]
[EventRounds "9"]
[EventCountry "ARG"]
[SourceTitle "EXT 2009"]
[Source "ChessBase"]
[SourceDate "2008.11.26"]
[SourceVersion "1"]
[SourceVersionDate "2008.11.26"]
[SourceQuality "1"]

1. e4 Nc6 2. Nf3 d6 3. d4 Nf6 4. Nc3 g6 5. h3 Bg7 6. Be3 0-0 7. Be2 e5 8. d5 Ne7 9. Qd2 Nxe4 10. Nxe4 f5 11. g4 fxe4 12. Ng5 c6 13. c4 b5 14. dxc6 bxc4 15. Bxc4+ d5 16. Rd1 h6 17. Nxe4 Be6 18. Bb3 Bf7 19. Bc5 Nxc6 20. Bxd5 Nd4 21. Bxf7+ Rxf7 22. Bxd4 exd4 23. 0-0 Qd5 24. Qd3 Rd8 25. b3 Kh7 26. f3 Rdf8 27. Kg2 Rc7 28. Rc1 Rfc8 29. Rxc7 Rxc7 30. Rf2 Qc6 31. h4 Kh8 32. Re2 Re7 33. Rc2 Qb6 34. h5 gxh5 35. Rc8+ 1-0

[Event "LNA Puma Cup"]
[Site "Argentina"]
[Date "2007.09.01"]
[Round "4"]
[White "Rissotti, Laureano"]
[Black "Nogues, Alejandro"]
[Result "1-0"]
[WhiteElo "2300"]
[BlackElo "2192"]
[PlyCount "77"]
[EventDate "2007.08.11"]
[EventType "team"]
[EventRounds "9"]
[EventCountry "ARG"]
[SourceTitle "CBM 120 Extra"]
[Source "ChessBase"]
[SourceDate "2007.11.01"]
[SourceVersion "1"]
[SourceVersionDate "2007.11.01"]
[SourceQuality "1"]

1. e4 Nc6 2. Nc3 e5 3. g3 Bc5 4. Bg2 a6 5. Nge2 d6 6. h3 Nf6 7. d3 h6 8. 0-0 0-0 9. Kh2 Nh7 10. f4 exf4 11. Nxf4 Ng5 12. Ncd5 Ne7 13. Nxe7+ Qxe7 14. b4 Ba7 15. Bb2 c6 16. Qd2 Ne6 17. Nh5 Qg5 18. Qxg5 hxg5 19. c3 f6 20. d4 Bd7 21. d5 cxd5 22. exd5 Nd8 23. c4 Be8 24. g4 Bg6 25. Rfe1 Nf7 26. Re7 Rfe8 27. Rae1 Ne5 28. Rxg7+ Kf8 29. Rxe5 Bxh5 30. Rxe8+ Rxe8 31. Rxb7 Bg6 32. Bf3 Be3 33. Kg2 Rc8 34. c5 dxc5 35. d6 Bd4 36. bxc5 Bxc5 37. d7 Rd8 38. Bxf6 Be7 39. Bd4 1-0

[Event "LNA Puma Cup"]
[Site "Argentina"]
[Date "2007.08.18"]
[Round "2"]
[White "Nogues, Alejandro"]
[Black "Villanueva, Mario Nicolas"]
[Result "1/2-1/2"]
[WhiteElo "2192"]
[BlackElo "2278"]
[PlyCount "102"]
[EventDate "2007.08.11"]
[EventType "team"]
[EventRounds "9"]
[EventCountry "ARG"]
[SourceTitle "CBM 120 Extra"]
[Source "ChessBase"]
[SourceDate "2007.11.01"]
[SourceVersion "1"]
[SourceVersionDate "2007.11.01"]
[SourceQuality "1"]

1. c4 Nf6 2. Nf3 g6 3. Nc3 Bg7 4. d4 0-0 5. Bf4 d5 6. Rc1 dxc4 7. e4 Bg4 8. Bxc4 Nh5 9. Be3 Bxf3 10. Qxf3 Bxd4 11. Rd1 c5 12. 0-0 Nc6 13. Qe2 Qb8 14. Bd5 Bxe3 15. Qxe3 Nd4 16. Na4 Qc8 17. Nxc5 Nf4 18. Rxd4 Qxc5 19. Rfd1 Nxd5 20. exd5 Rac8 21. h4 Qd6 22. h5 Rc2 23. Re4 Rxb2 24. Rxe7 Rxa2 25. Rxb7 Qa6 26. Re7 Ra1 27. Qd4 Rxd1+ 28. Qxd1 Qd6 29. Rxa7 Re8 30. g3 gxh5 31. Qf3 Qg6 32. d6 Rd8 33. d7 Qe6 34. Qxh5 Qe1+ 35. Kg2 Qe4+ 36. Qf3 Qxf3+ 37. Kxf3 Kf8 38. Kf4 Ke7 39. Kf5 h6 40. g4 f6 41. f3 Kf7 42. Ra6 Rxd7 43. Rxf6+ Kg7 44. Rg6+ Kh7 45. Rc6 Rf7+ 46. Rf6 Rb7 47. Kf4 Kg7 48. Rc6 Rb5 49. Rd6 Ra5 50. Ke4 h5 51. gxh5 Rxh5 1/2-1/2

[Event "Buenos Aires-ch qual"]
[Site "Buenos Aires"]
[Date "2006.03.26"]
[Round "7.20"]
[White "Nogues, Alejandro"]
[Black "Giaccio, Alfredo Gustavo"]
[Result "0-1"]
[WhiteElo "2221"]
[BlackElo "2470"]
[PlyCount "80"]
[EventDate "2006.03.21"]
[EventType "swiss"]
[EventRounds "9"]
[EventCountry "ARG"]
[SourceTitle "CBM 111 Extra"]
[Source "ChessBase"]
[SourceDate "2006.05.09"]
[SourceVersion "1"]
[SourceVersionDate "2006.05.09"]
[SourceQuality "1"]

1. d4 d5 2. c4 e6 3. Nc3 c6 4. Nf3 dxc4 5. e3 b5 6. a4 Bb4 7. Bd2 Bb7 8. axb5 Bxc3 9. Bxc3 cxb5 10. b3 a5 11. bxc4 b4 12. Bb2 Nf6 13. Bd3 0-0 14. 0-0 Nbd7 15. Nd2 Bc6 16. Bc2 Nb6 17. e4 a4 18. d5 exd5 19. exd5 Bd7 20. Ne4 Nxe4 21. Bxe4 f5 22. Qd4 Qf6 23. c5 a3 24. Qxf6 gxf6 25. cxb6 axb2 26. Rxa8 Rxa8 27. Bd3 Rb8 28. Rb1 Rxb6 29. Rxb2 Kf7 30. Bc4 Ke7 31. f4 Kd6 32. Bb3 Kc5 33. Rc2+ Kd4 34. Kf2 Bb5 35. g3 Ra6 36. Ra2 Ra3 37. Rxa3 bxa3 38. d6 h5 39. Ba2 Bd7 40. Bb3 Kc5 0-1

[Event "Buenos Aires-ch qual"]
[Site "Buenos Aires"]
[Date "2006.03.25"]
[Round "6.28"]
[White "Nogues, Alejandro"]
[Black "Fedrizzi, Alan"]
[Result "1-0"]
[WhiteElo "2221"]
[BlackElo "2130"]
[PlyCount "81"]
[EventDate "2006.03.21"]
[EventType "swiss"]
[EventRounds "9"]
[EventCountry "ARG"]
[SourceTitle "CBM 111 Extra"]
[Source "ChessBase"]
[SourceDate "2006.05.09"]
[SourceVersion "1"]
[SourceVersionDate "2006.05.09"]
[SourceQuality "1"]

1. d4 Nf6 2. c4 g6 3. Nc3 Bg7 4. Nf3 0-0 5. Bf4 d6 6. h3 Nfd7 7. e3 e5 8. Bh2 Nc6 9. Be2 f5 10. 0-0 e4 11. Nd2 Ne7 12. b4 Nf6 13. c5 d5 14. b5 c6 15. Qa4 Ne8 16. Nb3 g5 17. Na5 Rf6 18. Rab1 f4 19. bxc6 bxc6 20. Nb7 Bxb7 21. Rxb7 f3 22. Bd1 a5 23. Qb3 Kh8 24. Qb6 fxg2 25. Kxg2 Ng6 26. Ra7 Nh4+ 27. Kh1 Nf3 28. Qxd8 Rxd8 29. Bxf3 exf3 30. Rg1 Rh6 31. Rxg5 Rxh3 32. Kg1 Bf6 33. Rf5 Bg7 34. Be5 Kg8 35. Rg5 h6 36. Rg4 Rh5 37. Bxg7 Nxg7 38. Rgxg7+ Kh8 39. Rg6 Rg8 40. Rxg8+ Kxg8 41. Rxa5 1-0

[Event "Villa Martelli op"]
[Site "Villa Martelli"]
[Date "2006.??.??"]
[Round "1"]
[White "Gerola, Pablo"]
[Black "Nogues, Alejandro"]
[Result "1-0"]
[WhiteElo "2030"]
[BlackElo "2200"]
[PlyCount "63"]
[EventDate "2006.07.??"]
[EventType "swiss"]
[EventRounds "9"]
[EventCountry "ARG"]
[SourceTitle "EXT 2008"]
[Source "ChessBase"]
[SourceDate "2007.11.25"]
[SourceVersion "1"]
[SourceVersionDate "2007.11.25"]
[SourceQuality "1"]

1. d4 Nc6 2. Nf3 d6 3. c3 e5 4. dxe5 Nxe5 5. Nxe5 dxe5 6. Qxd8+ Kxd8 7. e4 Be6 8. Be3 Nf6 9. f3 Nd7 10. Nd2 Bc5 11. Bxc5 Nxc5 12. 0-0-0 Ke7 13. b3 Rhd8 14. Kc2 a5 15. Bc4 Bd7 16. a4 f5 17. g3 g5 18. h4 g4 19. Rde1 Rf8 20. exf5 Bxf5+ 21. Kc1 Kd6 22. fxg4 Bxg4 23. Re3 Rf5 24. Rhe1 Raf8 25. b4 axb4 26. cxb4 Nxa4 27. Bd3 Rh5 28. Nc4+ Kd5 29. Nxe5 Bc8 30. Bc4+ Kd6 31. Rd1+ Ke7 32. Ng4+ 1-0

[Event "Torre Blanca op Superior"]
[Site "Buenos Aires"]
[Date "2004.12.16"]
[Round "6"]
[White "Lida Garcia, Fernando"]
[Black "Nogues, Alejandro"]
[Result "0-1"]
[WhiteElo "2066"]
[BlackElo "2221"]
[PlyCount "120"]
[EventDate "2004.12.02"]
[EventType "swiss"]
[EventRounds "9"]
[EventCountry "ARG"]
[SourceTitle "EXT 2006"]
[Source "ChessBase"]
[SourceDate "2005.11.24"]
[SourceVersion "1"]
[SourceVersionDate "2005.11.24"]
[SourceQuality "1"]

1. d4 Nf6 2. Nf3 c5 3. d5 b5 4. c4 Bb7 5. Nfd2 d6 6. e4 b4 7. Be2 Nbd7 8. 0-0 e6 9. b3 Be7 10. Bb2 0-0 11. a4 Ne8 12. f4 Bf6 13. Qc2 Bxb2 14. Qxb2 Qf6 15. Qxf6 Nexf6 16. Bf3 exd5 17. cxd5 Ba6 18. Nc4 Bxc4 19. bxc4 Rae8 20. Nd2 Re7 21. a5 Rfe8 22. Rab1 Nf8 23. g3 Ng6 24. Kf2 h5 25. Rfe1 Ng4+ 26. Bxg4 hxg4 27. Rb3 Nh8 28. Rbe3 f6 29. Ke2 g6 30. Kd3 Nf7 31. R3e2 Kg7 32. Nb3 a6 33. Nd2 g5 34. Rg1 Kg6 35. Rge1 Rh8 36. Rg1 Rh3 37. Rf1 gxf4 38. Rxf4 Ne5+ 39. Kc2 Reh7 40. Ref2 Rf7 41. Nf1 Nxc4 42. Rxg4+ Kh7 43. Rgf4 Kg7 44. Kd3 Ne5+ 45. Kc2 Rb7 46. Ne3 b3+ 47. Kb1 Rd7 48. Re2 Rh8 49. Ng4 Rc7 50. Nxe5 dxe5 51. Rf3 c4 52. Kb2 Rc5 53. Kc3 Rhc8 54. Ref2 Rb5 55. d6 Rd8 56. Rb2 Rc5 57. Kb4 Rc6 58. Rc3 Rb8+ 59. Ka4 Kf7 60. Rc1 Ke6 0-1